00767cam a2200241 a 450000100060000000300080000600500170001400800410003102000400007203500140011203500110012604000180013704100080015508200250016324501100018825000120029826000340031030000270034450000540037165000290042570000390045470000320049324866BD-RjUL20211209001116.0160829s1990 stk d 000 0ceng d a0550160418 (Paperback)c: GBP 17.99 a(BD-RjUL) a126212 aBNBbengcBNB aeng04a920.02223bCHA 199000aChambers biographical dictionary /cGeneral editor, Magnus Magnusson ; Assistant editor, Rosemary Goring. a5th ed. aEdinburgh :bChambers,c1990. axii, 1604 p. ;c24 cm. aPersons. - Biographies - Collections (BNB/PRECIS) 0aBiographyxDictionaries.1 aMagnusson, Magnus, Gen. ed.d1929-1 aGoring, Rosemary, Asst. ed.